| 000 | 00641cam a2200193 4500 | ||
|---|---|---|---|
| 001 | D11655 | ||
| 008 | 090401t1985 xxu||||| |||| 00| 0 eng d | ||
| 035 | _a(Sirsi) u98861 | ||
| 041 | _aeng | ||
| 050 | _a526.0285 | ||
| 100 | _aThompson, C.N. | ||
| 245 | 4 | _aThe development of a geographic database for military survey | |
| 260 | _c1985 | ||
| 350 | _a0 | ||
| 520 | _aIn: RICS Survey and mapping 85: the 2nd UK national land surveying and mapping conference and exhibition, University of Reading, 25 - 29 March 1985. (Paper C1). 1985/11 ABC. 2nd class no. 623.71 | ||
| 700 | _aKennedy-Smith, G.M | ||
| 942 | _n0 | ||
| 948 | _c04/03/1997 | ||
| 999 |
_c99240 _d99240 |
||